France Gall - Poupée de cire poupée de son (paroles) - Statistiques

Statistiques générales
  • Ce quiz a été pris 646 fois
  • Le résultat moyen est 158 sur 202
Statistiques - réponses
Paroles % Correct
cire
100%
de
100%
poupée
100%
Poupée
100%
son
100%
Je
99%
je
99%
suis
99%
un
99%
une
99%
Une
99%
me
97%
dans
94%
Dans
94%
mes
94%
Mes
94%
chansons
93%
la
92%
le
91%
à
85%
Les
84%
les
84%
en
83%
est
81%
Mon
80%
bon
78%
cœur
77%
salon
75%
Qu'une
73%
qu'une
73%
vie
73%
sont
71%
gravé
70%
rose
70%
vois
70%
bonbon
69%
dis
69%
peut
69%
voir
69%
fois
68%
miroir
68%
lequel
67%
que
67%
chacun
65%
chiffons
65%
éclats
64%
des
63%
partout
63%
voix
63%
meilleure
62%
mille
62%
pire
62%
se
62%
Pour
61%
pour
61%
Suis-je
61%
suis-je
61%
disques
59%
qui
59%
quoi
58%
Brisée
57%
poupées
57%
moi
56%
non
55%
rire
55%
oui
54%
j'entends
53%
sur
50%
garçons
49%
Autour
48%
pas
47%
Mais
45%
n'suis
45%
sans
45%
Sans
45%
Celles
44%
dansent
44%
Elles
44%
L'amour
43%
l'amour
43%
jour
42%
rien
42%
Chanter
39%
cheveux
38%
n'est
38%
blonds
37%
connaître
37%
raison
35%
laissent
34%
parfois
34%
séduire
34%
Sous
34%
soleil
31%
chaleur
30%
soupire
28%
ainsi
27%
Seule
27%
vivrai
26%
craindre
23%
Aucun quiz correspondant
Distribution des résultats
% des personnes avec chaque résultat
Percentile par nombre de réponses
Votre historique - résultats
Vous n’avez pas pris ce quiz